Hornbill Festival/ (Record no. 206598)

MARC details
000 -LEADER
fixed length control field 00625nam a22001937a 4500
005 - DATE AND TIME OF LATEST TRANSACTION
control field 20241120161130.0
010 ## - LCCN (DPL NO)
LC control number ENG--142315
020 ## - INTERNATIONAL STANDARD BOOK NUMBER
International Standard Book Number 9789392005039
Terms of availability 999.00
035 ## - SYSTEM CONTROL NUMBER
System control number EN-125847
037 ## - SOURCE OF ACQUISITION
Source of stock number/acquisition DBAD
082 ## - DEWEY DECIMAL CLASSIFICATION NUMBER
Classification number 394.260954
100 ## - MAIN ENTRY--PERSONAL NAME
Personal name Rathore, Kunwar I S
245 ## - TITLE STATEMENT
Title Hornbill Festival/
Statement of responsibility, etc By Kunwar I S Rathore
Remainder of title Rainbow of North- East
250 ## - EDITION STATEMENT
Edition statement First
260 ## - PUBLICATION, DISTRIBUTION, ETC. (IMPRINT)
Place of publication, distribution, etc U.P.
Name of publisher, distributor, etc Krishna Publisher
Date of publication, distribution, etc 2022
270 ## - ADDRESS
Address RTB 157, Royal Tower Shipra Sun City,
City Ghaziabad, U.P.
Postal code 201014
Electronic mail address krishnapublisher@gmail.com
300 ## - PHYSICAL DESCRIPTION
Extent 248pbk.
Dimensions 22cm(PB)
942 ## - ADDED ENTRY ELEMENTS (KOHA)
Source of classification or shelving scheme Dewey Decimal Classification
Item type English Books
Classification part 394.260954
Call number suffix RAT
Holdings
Withdrawn status Lost status Not for loan Collection code Home library Current library Date acquired Source of acquisition Cost, normal purchase price Full call number Barcode Copy number Cost, replacement price Koha item type
      Non-fiction Bawana Bawana 23/10/2024 DBAD 999.00 394.260954 RAT EN-125847 1 999.00 English Books

© Delhi Public Library
Hit Counter
free hit counter